[Event "Eurasia Cup op"]
[Site "Ekaterinburg"]
[Date "2019.08.08"]
[Round "8"]
[White "Gerasimov, Aleksander"]
[Black "Pankov, Daniil"]
[Result "1-0"]
[WhiteElo "2056"]
[BlackElo "1789"]
[PlyCount "70"]
[EventDate "2019.07.31"]
[EventType "swiss"]
[EventRounds "9"]
[EventCountry "RUS"]
[SourceTitle "CBM 191 Extra"]
[Source "ChessBase"]
[SourceDate "2019.09.30"]
[SourceVersion "1"]
[SourceVersionDate "2019.09.30"]
[SourceQuality "1"]

1. d4 Nf6 2. Nf3 e6 3. c4 Bb4+ 4. Bd2 c5 5. dxc5 Bxc5 6. g3 b6 7. Bg2 Bb7 8. 0-0 0-0 9. Nc3 a6 10. Rc1 d5 11. Ne5 Qc7 12. Bf4 g5 13. Ng4 gxf4 14. Nxf6+ Kh8 15. cxd5 fxg3 16. Qd3 gxf2+ 17. Kh1 Kg7 18. Qxh7+ Kxf6 19. Ne4+ Ke7 20. d6+ Bxd6 21. Rxc7+ Bxc7 22. Rxf2 Nd7 23. Ng5 Bxg2+ 24. Kxg2 Ne5 25. Qc2 Rac8 26. Qb3 Rg8 27. h4 Rg6 28. Rf4 a5 29. e3 Rd8 30. Rd4 Nc6 31. Rxd8 Nxd8 32. Kf2 f6 33. Qc2 fxg5 34. Qxg6 g4 35. Qg5+ Kd7 1-0

[Event "Eurasia Cup op"]
[Site "Ekaterinburg"]
[Date "2019.08.02"]
[Round "3"]
[White "Gerasimov, Aleksander"]
[Black "Druzhinin, Nikita"]
[Result "1-0"]
[WhiteElo "2056"]
[BlackElo "1734"]
[PlyCount "81"]
[EventDate "2019.07.31"]
[EventType "swiss"]
[EventRounds "9"]
[EventCountry "RUS"]
[SourceTitle "CBM 191 Extra"]
[Source "ChessBase"]
[SourceDate "2019.09.30"]
[SourceVersion "1"]
[SourceVersionDate "2019.09.30"]
[SourceQuality "1"]

1. d4 Nf6 2. c4 g6 3. Nc3 Bg7 4. e4 d6 5. Be2 0-0 6. Nf3 e5 7. 0-0 Nc6 8. d5 Ne7 9. b4 a5 10. Ba3 b6 11. bxa5 Rxa5 12. Bb4 Ra8 13. a4 Ne8 14. Qb3 f5 15. a5 bxa5 16. Rxa5 Rb8 17. Rb5 Rxb5 18. Nxb5 fxe4 19. Nd2 Bd7 20. Nxe4 Bxb5 21. cxb5 Nf5 22. Bc4 Nd4 23. Qd3 Rf5 24. Bc3 Rf8 25. f4 Qd7 26. Ng5 Qf5 27. Bxd4 Qxd3 28. Bxd3 exd4 29. Ne6 Rf7 30. Rc1 Re7 31. g4 Bh6 32. g5 Bg7 33. h4 Kf7 34. Kg2 Bh8 35. Kf3 Ng7 36. Rxc7 Nxe6 37. dxe6+ Kxe6 38. Bc4+ d5 39. Bxd5+ Kd6 40. Rxe7 Kxe7 41. b6 1-0

[Event "Eurasia Cup op"]
[Site "Ekaterinburg"]
[Date "2019.07.31"]
[Round "1"]
[White "Gerasimov, Aleksander"]
[Black "Afanasiev, Nikita"]
[Result "0-1"]
[WhiteElo "2056"]
[BlackElo "2514"]
[PlyCount "28"]
[EventDate "2019.07.31"]
[EventType "swiss"]
[EventRounds "9"]
[EventCountry "RUS"]
[SourceTitle "CBM 191 Extra"]
[Source "ChessBase"]
[SourceDate "2019.09.30"]
[SourceVersion "1"]
[SourceVersionDate "2019.09.30"]
[SourceQuality "1"]

1. d4 g6 2. c4 Bg7 3. Nc3 c5 4. d5 Bxc3+ 5. bxc3 f5 6. Nf3 Qa5 7. Qc2 Nf6 8. e3 d6 9. Be2 Nfd7 10. 0-0 Rg8 11. Nd2 Nb6 12. a4 e5 13. f3 N6d7 14. Nb3 Qd8 0-1

[Event "RUS-ch Silent"]
[Site "Zelenograd"]
[Date "2019.04.13"]
[Round "11"]
[White "Gerasimov, Aleksander"]
[Black "Varezhkin, Viktor"]
[Result "1/2-1/2"]
[WhiteElo "2094"]
[BlackElo "2215"]
[PlyCount "59"]
[EventDate "2019.04.03"]
[EventType "swiss"]
[EventRounds "11"]
[EventCountry "RUS"]
[SourceTitle "CBM 190 Extra"]
[Source "ChessBase"]
[SourceDate "2019.07.15"]
[SourceVersion "1"]
[SourceVersionDate "2019.07.15"]
[SourceQuality "1"]

1. d4 d5 2. c4 c6 3. cxd5 cxd5 4. Nc3 Nf6 5. Nf3 Nc6 6. Bf4 Qb6 7. Na4 Qa5+ 8. Bd2 Qc7 9. e3 Bg4 10. Rc1 a6 11. Be2 Bxf3 12. Bxf3 e6 13. Nc5 Bxc5 14. Rxc5 0-0 15. 0-0 Rfc8 16. Qb3 b6 17. Rc2 Qb7 18. Rfc1 Na7 19. h3 Rxc2 20. Rxc2 Rc8 21. Bb4 Rc6 22. Rxc6 Qxc6 23. Qc3 Qd7 24. Qc2 a5 25. Be1 h6 26. Be2 Ne8 27. Bd3 Nd6 28. Bd2 f5 29. f3 Kf7 30. g4 1/2-1/2

[Event "RUS-ch Silent"]
[Site "Zelenograd"]
[Date "2019.04.10"]
[Round "8"]
[White "Gerasimov, Aleksander"]
[Black "Shajakhmetov, Linat"]
[Result "1/2-1/2"]
[WhiteElo "2094"]
[BlackElo "2093"]
[PlyCount "59"]
[EventDate "2019.04.03"]
[EventType "swiss"]
[EventRounds "11"]
[EventCountry "RUS"]
[SourceTitle "CBM 190 Extra"]
[Source "ChessBase"]
[SourceDate "2019.07.15"]
[SourceVersion "1"]
[SourceVersionDate "2019.07.15"]
[SourceQuality "1"]

1. d4 d5 2. c4 e6 3. Nc3 c6 4. e3 Nf6 5. Nf3 a6 6. Bd3 dxc4 7. Bxc4 b5 8. Bd3 Nbd7 9. 0-0 c5 10. Qe2 Be7 11. a3 0-0 12. dxc5 Nxc5 13. Bc2 Bb7 14. b4 Nce4 15. Nxe4 Bxe4 16. Bxe4 Nxe4 17. Bb2 Bf6 18. Rfd1 Qe7 19. Rac1 Rac8 20. Kf1 h6 21. h3 Qb7 22. Bxf6 Nxf6 23. Qb2 Rxc1 24. Rxc1 Rc8 25. Rxc8+ Qxc8 26. Kg1 Kh8 27. Kh1 Kg8 28. Kg1 Kh8 29. Kh1 Kg8 30. Kg1 1/2-1/2

[Event "RUS-ch Silent"]
[Site "Zelenograd"]
[Date "2019.04.06"]
[Round "4"]
[White "Ivanov, Nikolay A"]
[Black "Gerasimov, Aleksander"]
[Result "0-1"]
[WhiteElo "1854"]
[BlackElo "2094"]
[PlyCount "76"]
[EventDate "2019.04.03"]
[EventType "swiss"]
[EventRounds "11"]
[EventCountry "RUS"]
[SourceTitle "CBM 190 Extra"]
[Source "ChessBase"]
[SourceDate "2019.07.15"]
[SourceVersion "1"]
[SourceVersionDate "2019.07.15"]
[SourceQuality "1"]

1. Nf3 Nf6 2. g3 g6 3. Bg2 Bg7 4. c4 c5 5. Nc3 Nc6 6. 0-0 0-0 7. d3 d6 8. Rb1 Rb8 9. a3 a6 10. b4 cxb4 11. axb4 b5 12. cxb5 axb5 13. Bd2 Bd7 14. Ne1 Qc8 15. Nc2 Bh3 16. Ne3 Bxg2 17. Kxg2 Qb7 18. Kg1 Rfc8 19. Nc2 Qd7 20. Kg2 h5 21. h4 Ng4 22. Ne4 Nce5 23. Ne3 Ra8 24. Rc1 Nxe3+ 25. Bxe3 Nc6 26. Bd2 Qb7 27. Kg1 Ra2 28. Qb3 Rca8 29. Qd5 R2a6 30. Bc3 Qb6 31. Bxg7 Kxg7 32. Ng5 Nd8 33. Nf3 Ne6 34. Rc2 Ra4 35. Qb3 Kg8 36. Rfc1 Qb7 37. Rc6 Ra1 38. Qc3 R1a2 0-1

[Event "RUS-ch Silent"]
[Site "Zelenograd"]
[Date "2019.04.05"]
[Round "3"]
[White "Shalagin, Vladimir"]
[Black "Gerasimov, Aleksander"]
[Result "1-0"]
[WhiteElo "2033"]
[BlackElo "2094"]
[PlyCount "52"]
[EventDate "2019.04.03"]
[EventType "swiss"]
[EventRounds "11"]
[EventCountry "RUS"]
[SourceTitle "CBM 190 Extra"]
[Source "ChessBase"]
[SourceDate "2019.07.15"]
[SourceVersion "1"]
[SourceVersionDate "2019.07.15"]
[SourceQuality "1"]

1. d4 d5 2. Bf4 Nf6 3. e3 e6 4. Nf3 c5 5. Be2 Nc6 6. 0-0 Bd6 7. Bg5 0-0 8. Nbd2 Be7 9. c3 b6 10. Qc2 Bb7 11. Rfd1 cxd4 12. exd4 Rc8 13. Re1 h6 14. Bh4 Ne4 15. Bxe7 Nxe7 16. Bd3 Nxd2 17. Qxd2 Nc6 18. Rad1 Qf6 19. Bb1 Rcd8 20. Re3 Rfe8 21. Rde1 Bc8 22. Qe2 a6 23. Bd3 a5 24. Bb5 Bd7 25. Bxc6 Bxc6 26. Ne5 Rd6 1-0

[Event "RUS-ch Silent"]
[Site "Zelenograd"]
[Date "2019.04.04"]
[Round "2"]
[White "Gerasimov, Aleksander"]
[Black "Maslov, Andrey"]
[Result "1/2-1/2"]
[WhiteElo "2094"]
[BlackElo "1944"]
[PlyCount "62"]
[EventDate "2019.04.03"]
[EventType "swiss"]
[EventRounds "11"]
[EventCountry "RUS"]
[SourceTitle "CBM 190 Extra"]
[Source "ChessBase"]
[SourceDate "2019.07.15"]
[SourceVersion "1"]
[SourceVersionDate "2019.07.15"]
[SourceQuality "1"]

1. d4 Nf6 2. c4 e6 3. Nc3 Bb4 4. Qc2 c5 5. dxc5 Bxc5 6. e3 Nc6 7. a3 0-0 8. Nf3 a6 9. Be2 Qc7 10. 0-0 Ne7 11. b4 Ba7 12. Bb2 d5 13. c5 b6 14. cxb6 Bxb6 15. Rac1 Ng6 16. Qb3 Qa7 17. Na4 Bd7 18. Nxb6 Qxb6 19. Bd4 Qb7 20. Qb2 Bb5 21. Bxf6 gxf6 22. Bxb5 axb5 23. Qxf6 Rxa3 24. h4 Qe7 25. Qxe7 Nxe7 26. Rc5 Rb3 27. Rxb5 Nc6 28. Rb6 Nxb4 29. Ra1 Rb2 30. Ra7 Nd3 31. Rxb2 Nxb2 1/2-1/2

[Event "RUS-ch Silent"]
[Site "Zelenograd"]
[Date "2018.11.02"]
[Round "10"]
[White "Petrov, Alexey"]
[Black "Gerasimov, Aleksander"]
[Result "0-1"]
[WhiteElo "1970"]
[BlackElo "2093"]
[PlyCount "36"]
[EventDate "2018.10.25"]
[EventType "swiss"]
[EventRounds "11"]
[EventCountry "RUS"]
[SourceTitle "EXT 2020"]
[Source "ChessBase"]
[SourceDate "2019.10.17"]
[SourceVersion "1"]
[SourceVersionDate "2019.10.17"]
[SourceQuality "1"]

1. e4 c5 2. Nf3 Nc6 3. d4 cxd4 4. Nxd4 Nf6 5. Nc3 Qb6 6. Nb3 e6 7. a3 Be7 8. Be3 Qc7 9. f4 d6 10. Be2 a6 11. g4 b5 12. Qd2 Bb7 13. g5 Nd7 14. 0-0-0 Nc5 15. Nd4 Nxd4 16. Qxd4 e5 17. Nd5 Qc6 18. fxe5 Nb3+ 0-1

[Event "RUS-ch Silent"]
[Site "Zelenograd"]
[Date "2018.11.01"]
[Round "9"]
[White "Gerasimov, Aleksander"]
[Black "Maslov, Andrey"]
[Result "1-0"]
[WhiteElo "2093"]
[BlackElo "1986"]
[PlyCount "67"]
[EventDate "2018.10.25"]
[EventType "swiss"]
[EventRounds "11"]
[EventCountry "RUS"]
[SourceTitle "EXT 2020"]
[Source "ChessBase"]
[SourceDate "2019.10.17"]
[SourceVersion "1"]
[SourceVersionDate "2019.10.17"]
[SourceQuality "1"]

1. d4 Nf6 2. c4 e6 3. Nf3 b6 4. g3 Bb7 5. Bg2 c5 6. d5 exd5 7. Nh4 g6 8. 0-0 Qc7 9. cxd5 d6 10. Nc3 a6 11. a4 Nbd7 12. e4 0-0-0 13. Re1 Bg7 14. Rb1 h5 15. h3 Rde8 16. b3 Nh7 17. Bb2 Rhg8 18. Bf1 Bf6 19. Nf3 Ng5 20. Nd2 Kb8 21. Na2 Bxb2 22. Rxb2 Nh7 23. Nc3 Qd8 24. Nc4 Qf6 25. Rc2 Ka7 26. Bg2 Nhf8 27. Rf1 Bc8 28. f4 Qd8 29. Nxd6 Nf6 30. Nxe8 Nxe8 31. e5 Bf5 32. Rd2 Nd7 33. d6 Be6 34. Nd5 1-0

[Event "RUS-ch Silent"]
[Site "Zelenograd"]
[Date "2018.10.29"]
[Round "6"]
[White "Smirnov, Andrey"]
[Black "Gerasimov, Aleksander"]
[Result "0-1"]
[WhiteElo "2095"]
[BlackElo "2093"]
[PlyCount "71"]
[EventDate "2018.10.25"]
[EventType "swiss"]
[EventRounds "11"]
[EventCountry "RUS"]
[SourceTitle "EXT 2020"]
[Source "ChessBase"]
[SourceDate "2019.10.17"]
[SourceVersion "1"]
[SourceVersionDate "2019.10.17"]
[SourceQuality "1"]

1. d4 d5 2. Nf3 e6 3. c4 Nf6 4. e3 c6 5. Nbd2 Nbd7 6. Bd3 Bd6 7. 0-0 0-0 8. e4 dxe4 9. Nxe4 Nxe4 10. Bxe4 h6 11. b3 e5 12. dxe5 Nxe5 13. Bb2 Nxf3+ 14. Qxf3 Qc7 15. Qc3 f5 16. Bf3 Bxh2+ 17. Kh1 Bf4 18. Rfe1 Bg5 19. c5 Qf7 20. Be2 Be6 21. Bd3 Bf6 22. Qc2 Bxb2 23. Qxb2 Bd5 24. Re5 Qh5+ 25. Kg1 Qg4 26. Bf1 Rae8 27. Rae1 Rxe5 28. Rxe5 f4 29. Qd4 Qg6 30. Kh2 Rf5 31. Rxf5 Qxf5 32. Bd3 Qh5+ 33. Kg1 Qg5 34. Bf1 Bxg2 35. Bxg2 f3 36. Kf1 0-1

[Event "RUS-ch Silent"]
[Site "Zelenograd"]
[Date "2018.10.25"]
[Round "1"]
[White "Gerasimov, Aleksander"]
[Black "Lebedev, Sergey Y"]
[Result "1-0"]
[WhiteElo "2093"]
[BlackElo "1746"]
[PlyCount "54"]
[EventDate "2018.10.25"]
[EventType "swiss"]
[EventRounds "11"]
[EventCountry "RUS"]
[SourceTitle "EXT 2020"]
[Source "ChessBase"]
[SourceDate "2019.10.17"]
[SourceVersion "1"]
[SourceVersionDate "2019.10.17"]
[SourceQuality "1"]

1. d4 c5 2. d5 g6 3. c4 Bg7 4. e4 d6 5. h3 Nf6 6. Nc3 0-0 7. Nf3 a6 8. a4 Nfd7 9. Bf4 Qa5 10. Qd2 Qd8 11. Bh6 Nf6 12. Be2 Nbd7 13. 0-0 Kh8 14. Nh2 Ne5 15. Bxg7+ Kxg7 16. f4 Ned7 17. Nf3 Qc7 18. Rfe1 Ng8 19. Bf1 Re8 20. e5 dxe5 21. fxe5 Nf8 22. a5 Nh6 23. d6 exd6 24. exd6 Qc6 25. Nd5 Rxe1 26. Qc3+ Kg8 27. Nf6+ Kg7 1-0

[Event "RUS-ch Silent"]
[Site "Zelenograd"]
[Date "2017.09.27"]
[Round "11"]
[White "Gerasimov, Aleksander"]
[Black "Malyuga, Valentin"]
[Result "1/2-1/2"]
[WhiteElo "2104"]
[BlackElo "2100"]
[PlyCount "61"]
[EventDate "2017.09.19"]
[EventType "swiss"]
[EventRounds "11"]
[EventCountry "RUS"]
[SourceTitle "EXT 2019"]
[Source "ChessBase"]
[SourceDate "2018.10.10"]
[SourceVersion "1"]
[SourceVersionDate "2018.10.10"]
[SourceQuality "1"]

1. d4 Nf6 2. Nf3 d5 3. c4 c6 4. Nc3 e6 5. e3 Be7 6. Qc2 0-0 7. b3 Nbd7 8. Be2 Re8 9. 0-0 Bf8 10. Bb2 b6 11. Rfd1 Bb7 12. Rac1 Rc8 13. Qb1 Qe7 14. h3 g6 15. a3 Bg7 16. b4 a6 17. e4 dxe4 18. Nxe4 c5 19. Nxf6+ Nxf6 20. dxc5 bxc5 21. b5 axb5 22. cxb5 Bd5 23. Be5 Bh6 24. b6 Nd7 25. Bc7 Bxc1 26. Qxc1 c4 27. Qc3 Ra8 28. Ra1 Qc5 29. Ne5 Nxb6 30. Bxb6 Qxb6 31. Nd7 1/2-1/2

[Event "RUS-ch Silent"]
[Site "Zelenograd"]
[Date "2017.09.24"]
[Round "8"]
[White "Ivanov, Nikolay A"]
[Black "Gerasimov, Aleksander"]
[Result "1/2-1/2"]
[WhiteElo "1838"]
[BlackElo "2104"]
[PlyCount "43"]
[EventDate "2017.09.19"]
[EventType "swiss"]
[EventRounds "11"]
[EventCountry "RUS"]
[SourceTitle "EXT 2019"]
[Source "ChessBase"]
[SourceDate "2018.10.10"]
[SourceVersion "1"]
[SourceVersionDate "2018.10.10"]
[SourceQuality "1"]

1. Nf3 Nf6 2. c4 c5 3. Nc3 Nc6 4. e3 e6 5. d4 d5 6. a3 a6 7. dxc5 Bxc5 8. b4 Ba7 9. Bb2 0-0 10. Be2 dxc4 11. Bxc4 b5 12. Qxd8 Rxd8 13. Be2 Bb7 14. 0-0 Bb6 15. Rfd1 Rxd1+ 16. Rxd1 Rd8 17. Rxd8+ Bxd8 18. Bd3 Bc7 19. Ne4 Nxe4 20. Bxe4 Nd8 21. Bd3 h6 22. Be5 1/2-1/2

[Event "W-ch Disabled"]
[Site "Dresden"]
[Date "2015.10.21"]
[Round "4"]
[White "Gerasimov, Aleksander"]
[Black "Sponheim, Marko"]
[Result "1/2-1/2"]
[WhiteElo "2189"]
[BlackElo "2024"]
[PlyCount "88"]
[EventDate "2015.10.18"]
[EventType "swiss"]
[EventRounds "7"]
[EventCountry "GER"]
[SourceTitle "CBM 168 Extra"]
[Source "ChessBase"]
[SourceDate "2015.10.29"]
[SourceVersion "1"]
[SourceVersionDate "2015.10.29"]
[SourceQuality "1"]

1. d4 Nf6 2. c4 c5 3. d5 b5 4. cxb5 a6 5. b6 Qxb6 6. Nc3 d6 7. Nf3 g6 8. Nd2 Bg7 9. e4 0-0 10. a4 Re8 11. a5 Qb4 12. Ra4 Qb7 13. Nc4 Nbd7 14. Be2 Qc7 15. 0-0 Rb8 16. h3 Rb4 17. Ra3 h6 18. Bf4 Nh5 19. Be3 Nhf6 20. Qd2 Kh7 21. Rd1 Qb8 22. Qc2 Rf8 23. Na4 Ne8 24. Bd2 Rb7 25. Bc3 Nc7 26. Bxg7 Kxg7 27. Ncb6 Nb5 28. Bxb5 axb5 29. Nxd7 Bxd7 30. Nb6 b4 31. Rg3 Qa7 32. Nxd7 Rxd7 33. Ra1 Qa6 34. b3 Rc7 35. Qb2+ Kh7 36. e5 c4 37. bxc4 Rxc4 38. Rb3 Rb8 39. exd6 Qxd6 40. Qe2 Qxd5 41. Qxe7 Re4 42. Qc7 Qxb3 43. Qxb8 Qb2 44. Rf1 Re7 1/2-1/2

[Event "RUS-ch Silent"]
[Site "Zelenograd "]
[Date "2014.09.26"]
[Round "10"]
[White "Malyuga, Valentin"]
[Black "Gerasimov, Aleksander"]
[Result "0-1"]
[WhiteElo "2129"]
[BlackElo "2176"]
[PlyCount "80"]
[EventDate "2014.09.19"]
[EventType "swiss"]
[EventRounds "11"]
[EventCountry "RUS"]
[SourceTitle "EXT 2015"]
[Source "ChessBase"]
[SourceDate "2014.11.20"]
[SourceVersion "1"]
[SourceVersionDate "2014.11.20"]
[SourceQuality "1"]

1. Nf3 d6 2. d4 Bg4 3. e4 Nf6 4. Nc3 Nc6 5. Bb5 Nd7 6. Be3 e5 7. Be2 Be7 8. d5 Ncb8 9. 0-0 0-0 10. h3 Bxf3 11. Bxf3 Bg5 12. Bxg5 Qxg5 13. Nb5 Qd8 14. c4 a6 15. Nc3 a5 16. b3 Nf6 17. Qc2 Qe7 18. a3 c6 19. b4 axb4 20. axb4 Rxa1 21. Rxa1 Na6 22. b5 Nb4 23. Qb3 c5 24. g3 g6 25. Kg2 Rb8 26. Ra7 Nd7 27. Na4 Qd8 28. Bg4 Nb6 29. Nxb6 Qxb6 30. Qa4 Na6 31. Rxa6 bxa6 32. bxa6 Ra8 33. Qc6 Qxa6 34. Qxa6 Rxa6 35. Be2 Kf8 36. f3 Ke7 37. h4 Kd8 38. Kf2 Ra3 39. Ke1 Kc7 40. Kd2 Kb6 0-1

[Event "RUS-ch Silent"]
[Site "Zelenograd "]
[Date "2014.09.23"]
[Round "7"]
[White "Gerasimov, Aleksander"]
[Black "Ionov, Yuri"]
[Result "1-0"]
[WhiteElo "2176"]
[BlackElo "2031"]
[PlyCount "51"]
[EventDate "2014.09.19"]
[EventType "swiss"]
[EventRounds "11"]
[EventCountry "RUS"]
[SourceTitle "EXT 2015"]
[Source "ChessBase"]
[SourceDate "2014.11.20"]
[SourceVersion "1"]
[SourceVersionDate "2014.11.20"]
[SourceQuality "1"]

1. d4 d5 2. c4 e6 3. Nc3 Nf6 4. cxd5 exd5 5. Bg5 Bb4 6. Qa4+ Nc6 7. e3 Bxc3+ 8. bxc3 0-0 9. Bd3 Qd6 10. Qc2 h6 11. Bf4 Qe7 12. h3 Nd8 13. Nf3 c6 14. 0-0 a5 15. a4 Ne6 16. Bh2 g5 17. Ne5 Nd7 18. f4 Ng7 19. Rae1 Nxe5 20. fxe5 f5 21. exf6 Rxf6 22. Rxf6 Qxf6 23. Rf1 Qe7 24. Be5 Be6 25. Rf6 Rf8 26. Bh7+ 1-0

[Event "RUS-ch Silent"]
[Site "Zelenograd "]
[Date "2014.09.23"]
[Round "6"]
[White "Varezhkin, Viktor"]
[Black "Gerasimov, Aleksander"]
[Result "1-0"]
[WhiteElo "2131"]
[BlackElo "2176"]
[PlyCount "157"]
[EventDate "2014.09.19"]
[EventType "swiss"]
[EventRounds "11"]
[EventCountry "RUS"]
[SourceTitle "EXT 2015"]
[Source "ChessBase"]
[SourceDate "2014.11.20"]
[SourceVersion "1"]
[SourceVersionDate "2014.11.20"]
[SourceQuality "1"]

1. Nf3 d6 2. d4 Bg4 3. c4 c6 4. Nc3 Nd7 5. e3 e5 6. h3 Bh5 7. Be2 Be7 8. 0-0 Bxf3 9. Bxf3 Ngf6 10. b3 0-0 11. Bb2 Re8 12. Be2 Bf8 13. f4 exf4 14. exf4 d5 15. Bf3 Nb6 16. c5 Nbd7 17. Qd3 Qc7 18. g3 Re7 19. Rae1 Rae8 20. Rxe7 Rxe7 21. Kf2 g6 22. b4 a6 23. Bc1 Qd8 24. Re1 Rxe1 25. Kxe1 Qe7+ 26. Kf2 h6 27. g4 Bg7 28. Be3 Nh7 29. Ne2 Bf6 30. a4 b5 31. axb5 axb5 32. Nc1 Bg7 33. Nb3 Qh4+ 34. Kg2 Qe1 35. Bd2 Qe7 36. f5 g5 37. Be3 Ndf6 38. Na5 Qe8 39. Bg1 Ne4 40. Bh2 Nhf6 41. Be5 Qd7 42. Qe3 Kh7 43. Kf1 Kg8 44. Ke2 Kf8 45. Kd3 Kg8 46. Qe2 Kf8 47. Qa2 Qa7 48. Qh2 Qd7 49. Nb3 Qa7 50. Bd6+ Kg8 51. Na5 Qd7 52. Be5 Kh7 53. Ke3 Kg8 54. Bxe4 Nxe4 55. Bxg7 Kxg7 56. Qe5+ Nf6 57. Kf3 Qc8 58. Ke3 Qd7 59. Kd3 Qc8 60. Kc3 Qd7 61. Kb3 Qc8 62. Kb2 Qd7 63. Ka3 Qc8 64. Qd6 Qe8 65. Qxc6 Qe3+ 66. Nb3 Qd3 67. Qd6 Ne4 68. Qxd5 Nc3 69. Qg2 Nb1+ 70. Ka2 Nc3+ 71. Kb2 Nd1+ 72. Ka3 Ne3 73. Qf2 Nc2+ 74. Kb2 Nxb4 75. Qd2 Qc4 76. Nc1 Nd5 77. Qd3 Qa4 78. Na2 b4 79. Qb3 1-0

[Event "WchT Silent"]
[Site "Opatija"]
[Date "2014.06.23"]
[Round "6.4"]
[White "Gerasimov, Aleksander"]
[Black "Bokros, Istvan"]
[Result "0-1"]
[WhiteElo "2188"]
[BlackElo "2133"]
[PlyCount "116"]
[EventDate "2014.06.19"]
[EventType "team-swiss"]
[EventRounds "9"]
[EventCountry "CRO"]
[SourceTitle "CBM 161 Extra"]
[Source "ChessBase"]
[SourceDate "2014.08.29"]
[SourceVersion "1"]
[SourceVersionDate "2014.08.29"]
[SourceQuality "1"]
[WhiteTeam "Russia"]
[BlackTeam "Hungary"]
[WhiteTeamCountry "RUS"]
[BlackTeamCountry "HUN"]

1. d4 d5 2. Nf3 Nf6 3. c4 c6 4. Nc3 a6 5. cxd5 cxd5 6. Bf4 e6 7. e3 Nc6 8. Bd3 Bd6 9. Bxd6 Qxd6 10. 0-0 0-0 11. Rc1 b5 12. a4 b4 13. Nb1 Bb7 14. Nbd2 h6 15. Nb3 Nd7 16. Qe2 f6 17. Rfd1 Rfc8 18. h3 Ne7 19. Na5 Qb6 20. Nb3 Rxc1 21. Rxc1 Rc8 22. Rxc8+ Nxc8 23. Qc2 Ne7 24. Nbd2 Qc6 25. Qxc6 Nxc6 26. Kf1 Na5 27. b3 Kf7 28. Ke2 Ke7 29. Kd1 Nc6 30. Kc2 e5 31. dxe5 fxe5 32. e4 Nf6 33. exd5 Nxd5 34. Be4 Kd6 35. g3 Nc3 36. Kd3 Nxe4 37. Nxe4+ Kd5 38. Nh4 Bc8 39. g4 Nd4 40. Nd2 e4+ 41. Nxe4 Nxb3 42. f3 a5 43. Ke2 Nd4+ 44. Kd3 Bd7 45. Ng6 Nxf3 46. Nf4+ Kc6 47. Ke3 Ne5 48. Kd4 Nf3+ 49. Ke3 Ng5 50. Nd2 Kb7 51. Nc4 Ka6 52. Nb2 Ne6 53. Nxe6 Bxe6 54. Kd4 Kb6 55. Ke5 Bb3 56. h4 Kc5 57. g5 hxg5 58. hxg5 Bc2 0-1

[Event "Zelenograd Summer Silent op"]
[Site "Zelenograd"]
[Date "2014.06.10"]
[Round "6"]
[White "Gerasimov, Aleksander"]
[Black "Skorobogatykh, Andrey"]
[Result "1-0"]
[WhiteElo "2188"]
[BlackElo "2073"]
[PlyCount "78"]
[EventDate "2014.06.04"]
[EventType "swiss"]
[EventRounds "9"]
[EventCountry "RUS"]
[SourceTitle "CBM 161 Extra"]
[Source "ChessBase"]
[SourceDate "2014.08.29"]
[SourceVersion "1"]
[SourceVersionDate "2014.08.29"]
[SourceQuality "1"]

1. d4 e6 2. g3 d5 3. Bg2 Nf6 4. Nf3 c5 5. c4 cxd4 6. Nxd4 Bb4+ 7. Nc3 0-0 8. cxd5 Nxd5 9. Qb3 Nc6 10. Nxc6 bxc6 11. 0-0 Rb8 12. e4 Nxc3 13. bxc3 Bd6 14. Qc4 Qb6 15. Be3 Ba6 16. Bxb6 Bxc4 17. Bxa7 Ra8 18. Rfd1 Be5 19. Bd4 Bxd4 20. cxd4 Rxa2 21. Rxa2 Bxa2 22. Rc1 Rc8 23. Rc5 Kf8 24. d5 Ke7 25. dxc6 Rc7 26. f4 Bb3 27. Rc3 Ba4 28. e5 Rc8 29. Kf2 Bb5 30. Ke3 Kd8 31. Kd4 Kc7 32. Kc5 Ba6 33. Ra3 Ra8 34. g4 f6 35. h4 h6 36. Bf1 Bb7 37. Rxa8 Bxa8 38. Bg2 fxe5 39. fxe5 g5 1-0

[Event "Zelenograd Spring Silent op"]
[Site "Zelenograd"]
[Date "2014.03.09"]
[Round "8"]
[White "Kudriavtseva, Natalia"]
[Black "Gerasimov, Aleksander"]
[Result "1/2-1/2"]
[WhiteElo "2157"]
[BlackElo "2192"]
[PlyCount "28"]
[EventDate "2014.03.02"]
[EventType "swiss"]
[EventRounds "9"]
[EventCountry "RUS"]
[SourceTitle "EXT 2016"]
[Source "ChessBase"]
[SourceDate "2015.10.08"]
[SourceVersion "1"]
[SourceVersionDate "2015.10.08"]
[SourceQuality "1"]

1. e4 e5 2. Nf3 Nc6 3. Bb5 a6 4. Bxc6 dxc6 5. 0-0 Bg4 6. h3 Bxf3 7. Qxf3 Qf6 8. Qxf6 Nxf6 9. d3 Bc5 10. Bg5 Be7 11. Nc3 0-0 12. Rad1 Rad8 13. Rfe1 Rfe8 14. Bxf6 Bxf6 1/2-1/2

[Event "Zelenograd Spring Silent op"]
[Site "Zelenograd"]
[Date "2014.03.07"]
[Round "5"]
[White "Gerasimov, Aleksander"]
[Black "Zaytsev, Yuri Nikolaevich"]
[Result "1-0"]
[WhiteElo "2192"]
[BlackElo "2141"]
[PlyCount "103"]
[EventDate "2014.03.02"]
[EventType "swiss"]
[EventRounds "9"]
[EventCountry "RUS"]
[SourceTitle "EXT 2016"]
[Source "ChessBase"]
[SourceDate "2015.10.08"]
[SourceVersion "1"]
[SourceVersionDate "2015.10.08"]
[SourceQuality "1"]

1. d4 Nf6 2. c4 g6 3. Nc3 d5 4. Nf3 Bg7 5. Bg5 Ne4 6. cxd5 Nxc3 7. bxc3 Qxd5 8. e3 Qa5 9. Qb3 c5 10. Bc4 e6 11. 0-0 a6 12. a4 Qc7 13. Bf4 Qe7 14. Bxb8 Rxb8 15. Bxa6 0-0 16. Bb5 Qc7 17. Rac1 b6 18. c4 Bb7 19. d5 Rfd8 20. e4 e5 21. Ra1 Ra8 22. Ra2 Ra7 23. Rfa1 h6 24. Nd2 Rf8 25. Qg3 Kh7 26. Nb3 Rfa8 27. Qc3 Bf8 28. a5 bxa5 29. Rxa5 Rxa5 30. Rxa5 Rxa5 31. Qxa5 Qxa5 32. Nxa5 Bc8 33. Kf1 f6 34. Ke2 Kg7 35. Kd3 Bd6 36. f3 f5 37. g3 Kf6 38. Nc6 fxe4+ 39. fxe4 g5 40. Na7 Bg4 41. Be8 Ke7 42. Nb5 Bb8 43. Bc6 Bc8 44. Na3 Bh3 45. Ke2 Bg2 46. Ke3 h5 47. Kf2 Bxe4 48. d6+ Kxd6 49. Bxe4 Ke6 50. Nb5 Kf6 51. h4 gxh4 52. gxh4 1-0